<?xml version="1.0" encoding="UTF-8"?>
<record
    xmlns:xsi="http://www.w3.org/2001/XMLSchema-instance"
    xsi:schemaLocation="http://www.loc.gov/MARC21/slim http://www.loc.gov/standards/marcxml/schema/MARC21slim.xsd"
    xmlns="http://www.loc.gov/MARC21/slim">

  <leader>00454nam a2200181Ia 4500</leader>
  <controlfield tag="001">2720</controlfield>
  <controlfield tag="005">20260306144828.0</controlfield>
  <controlfield tag="008">260306t1996||||xx |||||||||||||| ||spa||</controlfield>
  <datafield tag="041" ind1=" " ind2=" ">
    <subfield code="a">ESP</subfield>
  </datafield>
  <datafield tag="082" ind1=" " ind2=" ">
    <subfield code="a">218</subfield>
    <subfield code="b">G85 1996</subfield>
  </datafield>
  <datafield tag="100" ind1=" " ind2=" ">
    <subfield code="a">Guardini, Romano</subfield>
    <subfield code="e">AUT</subfield>
  </datafield>
  <datafield tag="245" ind1=" " ind2="0">
    <subfield code="a">El fin de la modernidad:</subfield>
    <subfield code="b">quien sabe de Dios conoce al hombre</subfield>
  </datafield>
  <datafield tag="260" ind1=" " ind2=" ">
    <subfield code="c">1996</subfield>
  </datafield>
  <datafield tag="300" ind1=" " ind2=" ">
    <subfield code="a">187 p&#xE1;ginas :</subfield>
    <subfield code="c">21cm.</subfield>
  </datafield>
  <datafield tag="650" ind1=" " ind2=" ">
    <subfield code="a">GEN</subfield>
  </datafield>
  <datafield tag="654" ind1=" " ind2=" ">
    <subfield code="a">CHU</subfield>
  </datafield>
  <datafield tag="942" ind1=" " ind2=" ">
    <subfield code="c">LIB</subfield>
    <subfield code="d">JUS</subfield>
    <subfield code="f">JUS</subfield>
    <subfield code="2">ddc</subfield>
    <subfield code="n"></subfield>
  </datafield>
  <datafield tag="999" ind1=" " ind2=" ">
    <subfield code="c">2720</subfield>
    <subfield code="d">2720</subfield>
  </datafield>
  <datafield tag="952" ind1=" " ind2=" ">
    <subfield code="o">218 G85 1996</subfield>
    <subfield code="p">U0000869</subfield>
    <subfield code="8">UCSP</subfield>
    <subfield code="t">2</subfield>
    <subfield code="7">0</subfield>
    <subfield code="5">2</subfield>
    <subfield code="b">VAB</subfield>
    <subfield code="a">VAB</subfield>
    <subfield code="c">PBA</subfield>
    <subfield code="d">2026-06-03</subfield>
    <subfield code="e">6</subfield>
    <subfield code="r">2026-03-06 19:48:28</subfield>
    <subfield code="l">0</subfield>
    <subfield code="w">2026-03-06</subfield>
    <subfield code="y">LIB</subfield>
    <subfield code="1">0</subfield>
    <subfield code="2">ddc</subfield>
    <subfield code="4">0</subfield>
    <subfield code="0">0</subfield>
  </datafield>
</record>
